Aa muthal am vare pokunna theevandi(അ മുതൽ അം വരെ പോകുന്ന തീവണ്ടി) (Record no. 115403)

MARC details
000 -LEADER
fixed length control field 00294 a2200097 4500
020 ## - INTERNATIONAL STANDARD BOOK NUMBER
International Standard Book Number 9788119144204
100 ## - MAIN ENTRY--PERSONAL NAME
Personal name Jacob Abraham
245 ## - TITLE STATEMENT
Title Aa muthal am vare pokunna theevandi(അ മുതൽ അം വരെ പോകുന്ന തീവണ്ടി)
260 ## - PUBLICATION, DISTRIBUTION, ETC. (IMPRINT)
Name of publisher, distributor, etc SPCS
Date of publication, distribution, etc 2023
942 ## - ADDED ENTRY ELEMENTS (KOHA)
Koha item type On order/under processing
Holdings
Withdrawn status Lost status Damaged status Not for loan Home library Current library Date acquired Source of acquisition Cost, normal purchase price Total Checkouts Barcode Date last seen Cost, replacement price Price effective from Koha item type
        University Library University Library 05/03/2026 294 86.67   00097485 05/03/2026 130.00 05/03/2026 On order/under processing
University Library, CUSAT